00773nam a22002177a 4500003000800000008004100008020001500049037002300064040003500087041000800122080000900130100002600139245009600165260009200261300001900353440003700372650004600409650004600455650003600501655001800537BI-BuBU250421b1987 fr fr|||| 000 0 fre d a2857821956 a153074bFonds FSEA aBI-BuBUbfrecBI-BuBUdBI-BuBU0 afre a656.1 4aut.aNierat, Patrick10aSituation de concurrence et aires de marchebcas des transports combinéscPatrick Nierat. aJoinvillebInstitut National de Recherche sur les transports et leur sécuritéc1987 a101 p.c30 cm. 0aRapport INRETSvn° 44x07689756 72BI-BuBUaTransport terrestrexMarchandise 72BI-BuBUaMarchandisexTransport terrestre 72BI-BuBUaConcurrence rail-route 72BI-BuBUaBook